Who wrote that Queen song? - Statistics

General Stats
  • This quiz has been taken 55 times
  • The average score is 13 of 20
Answer Stats
Question Answer % Correct
Bohemian rhapsody Freddie Mercury
100%
We will rock you Brian May
83%
Killer Queen Freddie Mercury
83%
I'm going slightly mad Freddie Mercury
83%
Somebody to love Freddie Mercury
83%
Radio Ga Ga Roger Taylor
83%
We are the champions Freddie Mercury
67%
Crazy little thing called love Freddie Mercury
67%
Don't stop me now Freddie Mercury
67%
I want to break free John Deacon
67%
Another one bites the dust John Deacon
67%
You're my best friend John Deacon
67%
These are the days of our lives Roger Taylor
67%
The show must go on Brian May
50%
Who wants to live forever Brian May
50%
Bicycle race Freddie Mercury
50%
Breakthru Roger Taylor
50%
I want it all Brian May
33%
A kind of magic Roger Taylor
33%
The invisible man Roger Taylor
17%
No matching quizzes found
Score Distribution
Percent of People with Each Score
Percentile by Number Answered
Your Score History
You have not taken this quiz